[Event "Guernsey Open"]
[Site "Guernsey GCI"]
[Date "2006.10.17"]
[Round "3"]
[White "Tan, HB.."]
[Black "Lock, Gavin R"]
[Result "0-1"]
[WhiteElo "2125"]
[BlackElo "2226"]
[PlyCount "46"]
[EventDate "2006.10.15"]

1. e4 e6 2. d4 d5 3. e5 c5 4. c3 Qb6 5. Nf3 Nc6 6. Bd3 cxd4 7. cxd4 Bd7 8. O-O
Nxd4 9. Nxd4 Qxd4 10. Qe2 Ne7 11. Nc3 a6 12. Kh1 Nc6 13. f4 Bc5 14. Bd2 Ba7 15.
Rab1 Nb4 16. Bb5 Bxb5 17. Nxb5 axb5 18. Qxb5+ Nc6 19. Qxb7 O-O 20. Qxc6 Qxd2
21. f5 Rac8 22. Qa4 Rc2 23. Qg4 exf5 0-1

[Event "Guernsey Open"]
[Site "Guernsey GCI"]
[Date "2006.10.17"]
[Round "3"]
[White "Hickman, John"]
[Black "Havenaar, Jan"]
[Result "0-1"]
[WhiteElo "2058"]
[BlackElo "2202"]
[PlyCount "84"]
[EventDate "2006.10.15"]

1. e4 c5 2. Nf3 Nf6 3. Nc3 Nc6 4. d4 d5 5. exd5 Nxd5 6. Nxd5 Qxd5 7. dxc5 Qxd1+
8. Kxd1 Bg4 9. Be3 e5 10. Be2 f5 11. g3 O-O-O+ 12. Kc1 Be7 13. h3 Bh5 14. Re1
f4 15. gxf4 exf4 16. Bxf4 Rhf8 17. Ne5 Bxe2 18. Nxc6 bxc6 19. Rxe2 Bxc5 20. Bg3
Rf3 21. c3 Rdf8 22. Kc2 g6 23. Rae1 Bxf2 24. Bxf2 Rxf2 25. Kb3 Rxe2 26. Rxe2
Kd7 27. Re3 Rf5 28. a4 g5 29. Ka3 h5 30. b4 g4 31. hxg4 hxg4 32. Rg3 Rf4 33.
Kb3 Ke6 34. Re3+ Kf5 35. Re7 g3 36. Rf7+ Kg5 37. Rg7+ Kh4 38. Rh7+ Kg4 39. Rg7+
Kf3 40. b5 cxb5 41. axb5 g2 42. c4 Rg4 0-1

[Event "Guernsey Open"]
[Site "Guernsey GCI"]
[Date "2006.10.17"]
[Round "3"]
[White "O'Toole, George E"]
[Black "Cornelisse, Johnny JA"]
[Result "1/2-1/2"]
[WhiteElo "1935"]
[BlackElo "2196"]
[PlyCount "139"]
[EventDate "2006.10.15"]

1. e4 d6 2. d4 Nf6 3. Nc3 g6 4. Be3 c6 5. Qd2 Nbd7 6. Nf3 Qc7 7. h3 e5 8. dxe5
dxe5 9. Bd3 Nc5 10. Bh6 Be7 11. Ng5 Be6 12. b4 Nxd3+ 13. cxd3 Qd6 14. Bg7 Rg8
15. Bxf6 Bxf6 16. Nxe6 fxe6 17. Na4 a5 18. bxa5 Qd4 19. Nc3 Bd8 20. Ke2 Bxa5
21. Rhc1 Rf8 22. f3 Rf7 23. Rab1 Rd7 24. Rb3 Rad8 25. Rd1 Bb6 26. Rf1 Ba5 27.
Rd1 Kf7 28. Nb5 Bxd2 29. Nxd4 Bg5 30. Nc2 Ra8 31. a3 Ke7 32. d4 Rad8 33. Rbd3
exd4 34. Rxd4 b5 35. Nb4 c5 36. Nc6+ Ke8 37. Nxd8 cxd4 38. Nxe6 Be3 39. f4 Ke7
40. f5 gxf5 41. exf5 Kf6 42. g4 Ke5 43. Rb1 Rd5 44. Nc7 Rd7 45. Ne6 Rd5 46. Nc7
Rd7 47. Rxb5+ Ke4 48. Ne6 d3+ 49. Kd1 Ra7 50. Rb4+ Ke5 51. Rb3 Ke4 52. Rb4+ Ke5
53. a4 Ra8 54. Rb5+ Ke4 55. Nc5+ Bxc5 56. Rxc5 Rxa4 57. f6 Ra1+ 58. Rc1 Ra2 59.
f7 Rf2 60. Rc7 Rf4 61. h4 Ke3 62. Re7+ Kf3 63. Kd2 Kg3 64. g5 Rf2+ 65. Kxd3
Kxh4 66. Ke3 Rf1 67. Ke2 Rf5 68. Kd3 Kh5 69. Ke4 Rf1 70. f8=Q 1/2-1/2

[Event "Guernsey Open"]
[Site "Guernsey GCI"]
[Date "2006.10.17"]
[Round "3"]
[White "Short, Stephen"]
[Black "Vickery, Jim"]
[Result "1/2-1/2"]
[WhiteElo "1835"]
[BlackElo "2155"]
[PlyCount "48"]
[EventDate "2006.10.15"]

1. e4 Nf6 2. e5 Nd5 3. d4 d6 4. c4 Nb6 5. exd6 cxd6 6. Nc3 g6 7. Be3 Bg7 8. h3
O-O 9. Nf3 Nc6 10. Rc1 e6 11. d5 Ne7 12. Be2 Nf5 13. Bd2 Nh4 14. Nxh4 Qxh4 15.
Nb5 Qe7 16. Bb4 Rd8 17. Bxd6 Rxd6 18. Nxd6 Qxd6 19. c5 Qxd5 20. cxb6 Qa5+ 21.
Qd2 Qxd2+ 22. Kxd2 Bh6+ 23. Kc3 Bxc1 24. Rxc1 axb6 1/2-1/2

[Event "Guernsey Open"]
[Site "Guernsey GCI"]
[Date "2006.10.17"]
[Round "3"]
[White "Fraser, Mark Gordon"]
[Black "Burton, Ronnie"]
[Result "1-0"]
[WhiteElo "2191"]
[BlackElo "2056"]
[PlyCount "83"]
[EventDate "2006.10.15"]

1. c4 b6 2. e4 Bb7 3. Nc3 e6 4. Nf3 g6 5. d4 Bg7 6. Bd3 d6 7. Be3 Nd7 8. O-O
Ne7 9. Rc1 O-O 10. c5 dxc5 11. dxc5 Ne5 12. Nxe5 Bxe5 13. Bg5 Qe8 14. Bh6 Bg7
15. Bxg7 Kxg7 16. Bb5 c6 17. Qd4+ f6 18. Be2 e5 19. Qb4 b5 20. a3 a5 21. Qb3
Rd8 22. Rfd1 Qf7 23. Qc2 a4 24. Rd6 Nc8 25. Rxd8 Rxd8 26. Rd1 Rd4 27. Rxd4 exd4
28. Nb1 Ne7 29. Nd2 f5 30. Nf3 Qf6 31. Qd3 fxe4 32. Qxe4 Nf5 33. g4 Nh4 34.
Nxh4 Qxh4 35. Bxb5 Qf6 36. Bxa4 d3 37. Qxd3 Qxb2 38. Qd7+ Kh6 39. h4 Qb1+ 40.
Kh2 Qe1 41. g5+ Kh5 42. Bd1+ 1-0

[Event "Guernsey Open"]
[Site "Guernsey GCI"]
[Date "2006.10.17"]
[Round "3"]
[White "Reijneveld, Ad"]
[Black "Dijksterhuis, Rolf"]
[Result "1/2-1/2"]
[WhiteElo "2176"]
[BlackElo "2047"]
[PlyCount "49"]
[EventDate "2006.10.15"]

1. Nc3 d5 2. d4 Nf6 3. Bg5 e6 4. e4 dxe4 5. Nxe4 Be7 6. Bxf6 Bxf6 7. Nf3 b6 8.
Qd2 Bb7 9. Bd3 O-O 10. O-O-O Nd7 11. Qf4 Rc8 12. Ne5 Be7 13. h4 Nf6 14. Nxf6+
Bxf6 15. Rh3 Qe7 16. Ng4 c5 17. dxc5 Rxc5 18. Nxf6+ Qxf6 19. Qxf6 gxf6 20. Re3
f5 21. f4 Kg7 22. Be2 Rfc8 23. c3 Be4 24. a3 b5 25. Bf3 1/2-1/2

[Event "Guernsey Open"]
[Site "Guernsey GCI"]
[Date "2006.10.17"]
[Round "3"]
[White "Spanton, Timothy R"]
[Black "Thurlow, Kevin J"]
[Result "1/2-1/2"]
[WhiteElo "2051"]
[BlackElo "2140"]
[PlyCount "80"]
[EventDate "2006.10.15"]

1. d4 Nf6 2. Nc3 d5 3. Bg5 e6 4. e4 dxe4 5. Nxe4 Be7 6. Bxf6 gxf6 7. Nf3 b6 8.
Bb5+ c6 9. Bd3 Bb7 10. O-O Nd7 11. Qe2 Qc7 12. Ba6 Bxa6 13. Qxa6 f5 14. Ned2 b5
15. Nb3 Bb4 16. Nc5 Nxc5 17. dxc5 Bxc5 18. a4 Rb8 19. axb5 Rxb5 20. b3 O-O 21.
Rad1 Bb6 22. Qa1 f6 23. Nd4 Bxd4 24. Rxd4 Rd5 25. Rfd1 e5 26. Rxd5 cxd5 27.
Rxd5 Qxc2 28. b4 Qc4 29. Rd7 Qxb4 30. Rxa7 Rb8 31. g3 Qe4 32. Qa2+ Kh8 33.
Rxh7+ Kxh7 34. Qf7+ Kh6 35. Qxf6+ Kh5 36. Qf7+ Kg4 37. h3+ Kg5 38. Qg7+ Kh5 39.
Qh7+ Kg5 40. Qg7+ Kh5 1/2-1/2

[Event "Guernsey Open"]
[Site "Guernsey GCI"]
[Date "2006.10.17"]
[Round "3"]
[White "Ippel, Cok"]
[Black "Wismayer, Clive R"]
[Result "1-0"]
[WhiteElo "2046"]
[BlackElo "2124"]
[PlyCount "49"]
[EventDate "2006.10.15"]

1. Nc3 d5 2. e4 e6 3. Nf3 Bb4 4. exd5 exd5 5. Ne2 Qe7 6. c3 Bd6 7. d4 Nf6 8.
Bg5 O-O 9. Bh4 Re8 10. h3 Bf5 11. Qb3 Bf4 12. Kd1 Bh6 13. Bxf6 Qxf6 14. Ne5 Nc6
15. Ng4 Bxg4 16. hxg4 Qxf2 17. Qc2 Re4 18. Qd3 Rxg4 19. Qf3 Qe3 20. Rxh6 Qg5
21. Rh3 Re8 22. Rg3 Rxe2 23. Qxe2 h5 24. Rxg4 hxg4 25. Qe8+ 1-0

[Event "Guernsey Open"]
[Site "Guernsey GCI"]
[Date "2006.10.17"]
[Round "3"]
[White "Jamieson, Ian"]
[Black "Middleton, Tom"]
[Result "0-1"]
[WhiteElo "2014"]
[BlackElo "2100"]
[PlyCount "54"]
[EventDate "2006.10.15"]

1. b4 e5 2. Bb2 Bxb4 3. Bxe5 Nf6 4. a3 Ba5 5. c4 O-O 6. Nf3 Re8 7. Bb2 c6 8. e3
d5 9. Qc2 Ne4 10. Nc3 Bg4 11. Nxe4 dxe4 12. Ne5 Bh5 13. g4 Bc7 14. d4 exd3 15.
Nxd3 Bg6 16. h4 Be4 17. Rh3 Ba5+ 18. Ke2 Na6 19. f3 Bxd3+ 20. Qxd3 Qxd3+ 21.
Kxd3 Rad8+ 22. Kc2 Rd2+ 23. Kb3 Rxe3+ 24. Ka2 Rxb2+ 25. Kxb2 Bc3+ 26. Ka2 Bxa1
27. Kxa1 Re1+ 0-1

[Event "Guernsey Open"]
[Site "Guernsey GCI"]
[Date "2006.10.17"]
[Round "3"]
[White "Morcom, Huw"]
[Black "Von Saldern, Ruediger"]
[Result "1-0"]
[WhiteElo "1967"]
[BlackElo "2090"]
[PlyCount "59"]
[EventDate "2006.10.15"]

1. e4 e5 2. d4 exd4 3. Qxd4 Nc6 4. Qe3 d6 5. Bd2 Be7 6. Nc3 Bf6 7. O-O-O Nge7
8. f4 O-O 9. Nf3 g6 10. Be1 Qe8 11. Qg1 Bg7 12. g4 Kh8 13. h4 Ng8 14. h5 gxh5
15. gxh5 Nh6 16. f5 Rg8 17. Qf2 Ng4 18. Qe2 Nce5 19. Bd2 Bd7 20. h6 Bf6 21. Nd5
Qd8 22. Bh3 c6 23. Nxf6 Qxf6 24. Bxg4 Nxg4 25. Bc3 Ne5 26. Rxd6 Qxd6 27. Bxe5+
Qxe5 28. Nxe5 Be8 29. Qc4 f6 30. Qe6 1-0

[Event "Guernsey Open"]
[Site "Guernsey GCI"]
[Date "2006.10.17"]
[Round "3"]
[White "Taylor, Philip"]
[Black "Gravett, Alan D"]
[Result "0-1"]
[WhiteElo "2082"]
[BlackElo "1972"]
[PlyCount "48"]
[EventDate "2006.10.15"]

1. e4 c5 2. Nf3 d6 3. d4 cxd4 4. Nxd4 Nf6 5. Nc3 a6 6. f4 e6 7. Be2 Nbd7 8. a4
b6 9. Bf3 Bb7 10. O-O Rc8 11. Kh1 Rxc3 12. bxc3 Nxe4 13. Qe1 d5 14. c4 a5 15.
cxd5 exd5 16. c4 Bb4 17. Qe3 Ndf6 18. cxd5 Bxd5 19. Ba3 O-O 20. Bxb4 axb4 21.
Rab1 Re8 22. Qd3 Qd6 23. Nb5 Qc5 24. Nd4 Bc4 0-1

[Event "Guernsey Open"]
[Site "Guernsey GCI"]
[Date "2006.10.17"]
[Round "3"]
[White "Goris Schouwstra, Adri"]
[Black "Westerkamp, Bert"]
[Result "0-1"]
[WhiteElo "1879"]
[BlackElo "2081"]
[PlyCount "90"]
[EventDate "2006.10.15"]

1. d4 d5 2. Nf3 Nf6 3. e3 c6 4. Be2 Bf5 5. O-O e6 6. c4 Nbd7 7. b3 Be7 8. Bb2
O-O 9. Nc3 h6 10. Rc1 Re8 11. h3 Ne4 12. cxd5 cxd5 13. Nb5 Rf8 14. Nc3 Rc8 15.
Nxe4 Bxe4 16. Qd2 Qb6 17. Rxc8 Rxc8 18. Rc1 Rc6 19. Rxc6 Qxc6 20. Qc3 Qxc3 21.
Bxc3 Bb1 22. a4 Bc2 23. Nd2 Nb8 24. Kf1 Nc6 25. Ke1 Nb4 26. f3 Bh4+ 27. Kf1 Nd3
28. a5 Nc1 29. b4 Na2 30. Bb2 Nxb4 31. e4 a6 32. exd5 exd5 33. f4 Nc6 34. Bc3
Bf6 35. Nf3 Bd8 36. Ne5 Nxa5 37. Nd7 Ba4 38. Nc5 Bc6 39. g3 Nc4 40. Kf2 a5 41.
Bd1 b5 42. Ba1 b4 43. Nd3 Be7 44. Nc5 Bxc5 45. dxc5 a4 0-1

[Event "Guernsey Open"]
[Site "Guernsey GCI"]
[Date "2006.10.17"]
[Round "3"]
[White "De Kruif, Kees"]
[Black "Warmerdam, Rob"]
[Result "1/2-1/2"]
[WhiteElo "2080"]
[BlackElo "1796"]
[PlyCount "57"]
[EventDate "2006.10.15"]

1. b4 Nf6 2. Bb2 d5 3. e3 g6 4. c4 c6 5. Nf3 Bg7 6. Be2 O-O 7. O-O Nbd7 8. d3
b6 9. Nbd2 Bb7 10. Nb3 dxc4 11. dxc4 c5 12. bxc5 Nxc5 13. Nxc5 bxc5 14. Qxd8
Rfxd8 15. Rfd1 Ne4 16. Bxg7 Kxg7 17. Kf1 Ba6 18. Rac1 Rxd1+ 19. Bxd1 Rd8 20.
Ke2 Rb8 21. Bb3 Rd8 22. Rc2 Rd6 23. Ne5 f6 24. Nd3 Rc6 25. f3 Nd6 26. Nb2 Rc7
27. Rd2 Kf7 28. g4 h6 29. h3 1/2-1/2

[Event "Guernsey Open"]
[Site "Guernsey GCI"]
[Date "2006.10.17"]
[Round "3"]
[White "Brookfield, Toby"]
[Black "Fassaert, Desire JM"]
[Result "0-1"]
[WhiteElo "1715"]
[BlackElo "2078"]
[PlyCount "104"]
[EventDate "2006.10.15"]

1. e4 c6 2. Nc3 d5 3. Qf3 dxe4 4. Nxe4 Nd7 5. d4 Ngf6 6. c3 Nxe4 7. Qxe4 Nf6 8.
Qc2 Bg4 9. Bd3 e6 10. f3 Bh5 11. Bd2 Bg6 12. O-O-O Qc7 13. Ne2 Bd6 14. g3 Bxd3
15. Qxd3 O-O-O 16. Bg5 Be7 17. Rhe1 Qa5 18. Bxf6 Bxf6 19. Kb1 Kb8 20. Nc1 Qh5
21. Qe2 c5 22. Nb3 cxd4 23. Nxd4 Bxd4 24. cxd4 Qf5+ 25. Ka1 Rd5 26. Rd2 Rc8 27.
Qe4 h5 28. Qxf5 Rxf5 29. f4 Rd5 30. Kb1 Rc4 31. Re5 Rxe5 32. dxe5 Kc7 33. Rc2
Rxc2 34. Kxc2 Kc6 35. a4 Kc5 36. Kc3 a5 37. h3 g6 38. b3 b6 39. h4 b5 40. Kc2
bxa4 41. bxa4 Kc4 42. Kd2 Kb4 43. Kd3 Kxa4 44. Kc4 Ka3 45. Kc3 a4 46. Kc2 Kb4
47. Kb2 Kc4 48. Ka3 Kd3 49. Kxa4 Ke3 50. Kb5 Kf3 51. Kc6 Kxg3 52. Kd7 Kxf4 0-1

[Event "Guernsey Open"]
[Site "Guernsey GCI"]
[Date "2006.10.17"]
[Round "3"]
[White "Goris, Ton"]
[Black "Reutimann, Hans Peter"]
[Result "1-0"]
[WhiteElo "2077"]
[BlackElo "1791"]
[PlyCount "103"]
[EventDate "2006.10.15"]

1. e4 e5 2. Nf3 d6 3. Bc4 Be7 4. Nc3 Nf6 5. d3 Bg4 6. h3 Bh5 7. Be3 Nbd7 8. Qd2
c6 9. g4 Bg6 10. g5 Nh5 11. a4 Qa5 12. b4 Qc7 13. Nh4 d5 14. exd5 Bxb4 15. Rb1
Bxc3 16. Qxc3 cxd5 17. Rb4 O-O 18. Nxg6 hxg6 19. Qb2 dxc4 20. Rxb7 Qc6 21. O-O
Rab8 22. Rb1 Nf4 23. Bxf4 exf4 24. Qb5 Qe6 25. Qxc4 Qxc4 26. dxc4 Nb6 27. Rxb8
Rxb8 28. Kg2 Nd7 29. Rb5 Rxb5 30. cxb5 Nb6 31. a5 Nc4 32. b6 Nxb6 33. axb6 axb6
34. Kf3 f6 35. Ke4 Kf7 36. Kd5 fxg5 37. c4 Ke7 38. Kc6 Kd8 39. Kxb6 Kc8 40. f3
Kb8 41. Kc6 Kc8 42. c5 g4 43. hxg4 g5 44. Kd6 Kd8 45. Ke6 Kc7 46. Kf5 Kc6 47.
Kxg5 Kxc5 48. Kxf4 Kd6 49. Kf5 Ke7 50. Kg6 Kf8 51. Kh7 Kf7 52. g5 1-0

[Event "Guernsey Open"]
[Site "Guernsey GCI"]
[Date "2006.10.17"]
[Round "3"]
[White "Van Ingen, Ton"]
[Black "Ozanne, Mark"]
[Result "1-0"]
[WhiteElo "1855"]
[BlackElo "2067"]
[PlyCount "123"]
[EventDate "2006.10.15"]

1. d4 Nf6 2. c4 g6 3. Nc3 Bg7 4. e4 d6 5. Nf3 O-O 6. Be3 e5 7. Be2 Na6 8. d5 c6
9. Nd2 Ne8 10. Rb1 f5 11. f3 c5 12. a3 f4 13. Bf2 g5 14. b4 b6 15. Na4 Nf6 16.
bxc5 Nxc5 17. Nxc5 bxc5 18. Qa4 Bd7 19. Qa6 Qe7 20. O-O g4 21. Bh4 g3 22. h3
Bc8 23. Qc6 Bd7 24. Rb7 Bxc6 25. Rxe7 Ba4 26. Rb1 Rf7 27. Rxf7 Kxf7 28. Rb7+
Kg8 29. Nb1 h6 30. Nc3 Be8 31. Bd1 Kf8 32. Ba4 Bxa4 33. Nxa4 Ne8 34. Be7+ Kg8
35. Nc3 a6 36. Na4 a5 37. Nb6 Ra6 38. Nc8 Bf8 39. Kf1 Bxe7 40. Nxe7+ Kf8 41.
Nf5 h5 42. Ke2 a4 43. Kd2 Kg8 44. Kc2 Kf8 45. Ne7 Nf6 46. Nc8 Nxe4 47. fxe4 f3
48. gxf3 g2 49. Rb1 Ke8 50. Rg1 Kd8 51. Nxd6 Rxd6 52. Rxg2 Rb6 53. Rg5 Rb3 54.
Rxe5 Rxf3 55. Rxh5 Rxa3 56. e5 Re3 57. e6 a3 58. Rh7 Re4 59. Kb3 Re3+ 60. Ka2
Re4 61. Kxa3 Rxc4 62. d6 1-0

[Event "Guernsey Open"]
[Site "Guernsey GCI"]
[Date "2006.10.17"]
[Round "3"]
[White "Dodgson, John A"]
[Black "Heymuth, Marcel"]
[Result "1-0"]
[WhiteElo "2172"]
[BlackElo "1712"]
[PlyCount "87"]
[EventDate "2006.10.15"]

1. e4 d6 2. d4 Nf6 3. Nc3 g6 4. Bg5 Bg7 5. Qd2 h6 6. Bf4 Nbd7 7. O-O-O g5 8.
Bg3 Nh5 9. e5 Nxg3 10. hxg3 dxe5 11. dxe5 Bxe5 12. f4 Bf6 13. Nf3 g4 14. Ne5
Bxe5 15. fxe5 e6 16. Rxh6 Rxh6 17. Qxh6 Qe7 18. Nb5 Nf8 19. Qf6 Rb8 20. Nxa7
Qxf6 21. exf6 Bd7 22. Nb5 Bxb5 23. Bxb5+ c6 24. Be2 Ra8 25. a3 Ra4 26. Rh1 Ng6
27. Rh5 Re4 28. Kd2 Rd4+ 29. Ke3 Rd5 30. Bxg4 Rxh5 31. Bxh5 Ne5 32. g4 Nc4+ 33.
Kd4 Nxb2 34. g5 Na4 35. g6 fxg6 36. Bxg6+ Kd7 37. g4 Kd6 38. g5 c5+ 39. Ke3 Nb6
40. Be4 e5 41. Bxb7 Ke6 42. Ke4 c4 43. c3 Nd7 44. Bc8 1-0

[Event "Guernsey Open"]
[Site "Guernsey GCI"]
[Date "2006.10.17"]
[Round "3"]
[White "Pickersgill, Adrian"]
[Black "Bower, Daniel"]
[Result "1-0"]
[WhiteElo "2093"]
[BlackElo "2010"]
[PlyCount "39"]
[EventDate "2006.10.15"]

1. e4 b6 2. Nf3 Bb7 3. Nc3 e6 4. d4 Bb4 5. Bd3 Ne7 6. O-O Bxc3 7. bxc3 d6 8.
Ng5 Nd7 9. f4 O-O 10. e5 Ng6 11. Qh5 h6 12. Nxf7 Rxf7 13. Bxg6 Re7 14. f5 dxe5
15. fxe6 Nf8 16. Bf7+ Kh7 17. Rf6 Rxf7 18. Rxf7 Nxe6 19. Bxh6 Kg8 20. Qg6 1-0

[Event "Guernsey Open"]
[Site "Guernsey GCI"]
[Date "2006.10.17"]
[Round "3"]
[White "Heath, Jeffrey"]
[Black "Wantoch, Markus"]
[Result "1/2-1/2"]
[WhiteElo "1926"]
[BlackElo "2063"]
[PlyCount "70"]
[EventDate "2006.10.15"]

1. e4 d5 2. exd5 Nf6 3. Nc3 Nxd5 4. Bb5+ c6 5. Be2 g6 6. Nxd5 cxd5 7. d4 Bg7 8.
Nf3 Nc6 9. c3 O-O 10. Bf4 a6 11. O-O b5 12. Ne5 Qb6 13. Nxc6 Qxc6 14. Qd2 Re8
15. Bf3 Bb7 16. Rfd1 Rac8 17. Rac1 Qb6 18. h3 a5 19. Be5 b4 20. Bxg7 Kxg7 21.
cxb4 axb4 22. Qe3 e6 23. Be2 Ba6 24. Bxa6 Qxa6 25. a3 Qa4 26. axb4 Qxb4 27. b3
Rb8 28. Rd3 Re7 29. Rcc3 Qd6 30. f4 f6 31. Rc5 e5 32. dxe5 fxe5 33. Rcxd5 exf4
34. Qxe7+ Qxe7 35. Rd7 Qxd7 1/2-1/2

[Event "Guernsey Open"]
[Site "Guernsey GCI"]
[Date "2006.10.17"]
[Round "3"]
[White "Morris Hill, Ray"]
[Black "Goman, Colin"]
[Result "1-0"]
[WhiteElo "2060"]
[BlackElo "1889"]
[PlyCount "55"]
[EventDate "2006.10.15"]

1. d4 d6 2. e4 Nf6 3. Nc3 g6 4. Nf3 Bg7 5. Be3 O-O 6. Qd2 Nbd7 7. O-O-O Ng4 8.
Bg5 f6 9. Bc4+ Kh8 10. Bf4 e5 11. dxe5 Ndxe5 12. Nxe5 Nxe5 13. Bb3 Bd7 14. h4
Be8 15. Bh6 Bf7 16. Bxg7+ Kxg7 17. f4 Nc4 18. Qd4 c5 19. Qd3 Nxb2 20. Kxb2 c4
21. Bxc4 Qb6+ 22. Bb3 Rac8 23. Qd4 Rc5 24. Na4 Rxc2+ 25. Kxc2 Rc8+ 26. Kb2 Qb5
27. Nc3 Qa5 28. Bxf7 1-0

[Event "Guernsey Open"]
[Site "Guernsey GCI"]
[Date "2006.10.17"]
[Round "3"]
[White "Twitchell, David"]
[Black "O'Driscoll, Kieran"]
[Result "1/2-1/2"]
[WhiteElo "2013"]
[BlackElo "2054"]
[PlyCount "178"]
[EventDate "2006.10.15"]

1. e4 c5 2. d4 cxd4 3. c3 Nf6 4. e5 Nd5 5. Qxd4 e6 6. Bc4 Nc6 7. Qe4 Nc7 8. Nf3
b5 9. Bb3 Bb7 10. Qe2 a5 11. a4 b4 12. O-O Na6 13. Bf4 Be7 14. Nbd2 Nc5 15. Bc4
d5 16. exd6 Bxd6 17. Bxd6 Qxd6 18. Ne4 Qe7 19. Nxc5 Qxc5 20. cxb4 Qxb4 21. Ra3
O-O 22. Rb3 Qe7 23. Rd1 Rad8 24. Rbd3 Rxd3 25. Rxd3 Nb4 26. Rd2 Rc8 27. b3 g6
28. Ne5 Qg5 29. f4 Qxf4 30. Nxf7 Bd5 31. Ne5 Nc6 32. Bxd5 Nd4 33. Bxe6+ Kg7 34.
Qe1 Rc1 35. Qxc1 Ne2+ 36. Rxe2 Qxc1+ 37. Kf2 Qc5+ 38. Kf1 Qd4 39. Nf3 Qc3 40.
Re1 Qd3+ 41. Kg1 h5 42. Bc4 Qd6 43. h3 g5 44. Re5 g4 45. hxg4 hxg4 46. Rg5+ Kf6
47. Rxg4 Qd1+ 48. Kh2 Kf5 49. Rd4 Qc1 50. Bd3+ Kf6 51. Bc4 Qh6+ 52. Rh4 Qe3 53.
Kh3 Qc1 54. Rg4 Qh6+ 55. Kg3 Qe3 56. Rd4 Ke7 57. Rd5 Qb6 58. Rb5 Qg6+ 59. Rg5
Qd6+ 60. Kf2 Qb6+ 61. Ke2 Kf6 62. g4 Qd8 63. Re5 Qa8 64. Re6+ Kg7 65. g5 Qh8
66. Re7+ Kf8 67. Re6 Qb2+ 68. Ke3 Qc1+ 69. Ke4 Qc2+ 70. Kf4 Kg7 71. Re7+ Kf8
72. Rf7+ Ke8 73. Ra7 Qc3 74. Rh7 Qc1+ 75. Kg4 Qc2 76. Rh6 Kf8 77. Re6 Kg7 78.
g6 Qg2+ 79. Kf4 Qc2 80. Re7+ Kxg6 81. Ne5+ Kh6 82. Re6+ Kg7 83. Rg6+ Kf8 84.
Rg8+ Ke7 85. Rg7+ Kd6 86. Rd7+ Kc5 87. Nd3+ Kc6 88. Rh7 Qd2+ 89. Kf3 Qd1+
1/2-1/2

[Event "Guernsey Open"]
[Site "Guernsey GCI"]
[Date "2006.10.17"]
[Round "3"]
[White "Wiecker, Stefan"]
[Black "O'Shea, Kevin"]
[Result "1-0"]
[WhiteElo "2048"]
[BlackElo "1874"]
[PlyCount "111"]
[EventDate "2006.10.15"]

1. e4 c5 2. Nf3 Nc6 3. d4 cxd4 4. Nxd4 g6 5. Nc3 Bg7 6. Be3 Nf6 7. Nxc6 bxc6 8.
e5 Ng8 9. f4 f6 10. e6 dxe6 11. Qf3 Qc7 12. Bb5 Bd7 13. f5 exf5 14. O-O-O Rc8
15. Bc4 Bh6 16. Rhe1 e5 17. Na4 c5 18. Bxh6 Nxh6 19. Qd5 Qc6 20. Rxe5+ Kf8 21.
Qxc5+ Qxc5 22. Rxc5 Ke7 23. Re1+ Kd8 24. Rxc8+ Bxc8 25. Bb5 Ng4 26. h3 Ne5 27.
Nc5 Kc7 28. Nd3 Kd6 29. Rd1 Bb7 30. Nf4+ Ke7 31. Nd5+ Ke6 32. Nf4+ Ke7 33. Nd5+
Ke6 34. Nc7+ Ke7 35. g3 Rc8 36. Nd5+ Ke6 37. Nf4+ Ke7 38. Rd4 Rd8 39. Rxd8 Kxd8
40. Kd2 Ke7 41. Ke3 Kd6 42. b4 Bd5 43. Nxd5 Kxd5 44. Be2 Nc4+ 45. Kd3 Ne5+ 46.
Ke3 Nc4+ 47. Kd3 Ne5+ 48. Kd2 g5 49. a4 f4 50. gxf4 gxf4 51. a5 f3 52. Bf1 Nc6
53. c3 Ke4 54. a6 Kf4 55. b5 Nb8 56. b6 1-0

[Event "Guernsey Open"]
[Site "Guernsey GCI"]
[Date "2006.10.17"]
[Round "3"]
[White "Rowe, Peter"]
[Black "Downey, Keith"]
[Result "1/2-1/2"]
[WhiteElo "2047"]
[BlackElo "1872"]
[PlyCount "89"]
[EventDate "2006.10.15"]

1. d4 Nf6 2. Nf3 e6 3. Bf4 b6 4. e3 Bb7 5. Nbd2 Be7 6. Bd3 d5 7. Ne5 O-O 8. Qf3
c5 9. c3 Nc6 10. Qh3 Rc8 11. g4 cxd4 12. exd4 g6 13. Qh6 Ne8 14. Ndf3 Nxe5 15.
Nxe5 Bf6 16. Nf3 Bg7 17. Qh3 f6 18. g5 e5 19. dxe5 fxe5 20. Qe6+ Kh8 21. Nxe5
Rxf4 22. Nf7+ Rxf7 23. Qxf7 d4 24. Qxb7 dxc3 25. O-O Rc7 26. Qf3 cxb2 27. Rab1
Qxg5+ 28. Kh1 Qf6 29. Qa8 Qc6+ 30. Qxc6 Rxc6 31. Bb5 Re6 32. Rfd1 Nd6 33. Rd5
h5 34. Bd3 Nf7 35. Rd1 Ne5 36. Bb1 Ng4 37. Rd8+ Kh7 38. Rf1 a5 39. h3 Nf6 40.
Kg2 Rc6 41. Rd2 Ne8 42. Rfd1 a4 43. Rd8 Nf6 44. R8d2 Ne8 45. Rd7 1/2-1/2

[Event "Guernsey Open"]
[Site "Guernsey GCI"]
[Date "2006.10.17"]
[Round "3"]
[White "Pollard, Matthew"]
[Black "Dennis, Nigel W"]
[Result "0-1"]
[WhiteElo "1930"]
[BlackElo "2020"]
[PlyCount "86"]
[EventDate "2006.10.15"]

1. Nf3 c5 2. e4 e6 3. d3 d5 4. Nbd2 Nc6 5. g3 d4 6. Bg2 e5 7. O-O Nf6 8. a4 Bd6
9. Nc4 Bc7 10. Bd2 O-O 11. Qe1 b6 12. h3 h6 13. Kh2 Be6 14. b3 a6 15. Ng1 b5
16. Nb2 Na5 17. Ne2 c4 18. Bxa5 Bxa5 19. b4 Bc7 20. f4 c3 21. Nd1 Qe7 22. f5
Bd7 23. axb5 Bxb5 24. Nf2 Qxb4 25. Qb1 Qxb1 26. Rfxb1 Nd7 27. g4 Nc5 28. h4 Ba4
29. Ra2 Rfb8 30. Rba1 Bc6 31. Kh3 Rb2 32. Nd1 Rxa2 33. Rxa2 Na4 34. Nc1 Nc5 35.
Bf3 Rb8 36. Ne2 Rb1 37. Ra3 Na4 38. Nexc3 dxc3 39. Nxc3 Nxc3 40. Rxc3 Rb6 41.
Rc4 Bd6 42. c3 Bb5 43. Rc8+ Kh7 0-1

[Event "Guernsey Open"]
[Site "Guernsey GCI"]
[Date "2006.10.17"]
[Round "3"]
[White "Van Hoek, Wim"]
[Black "Taylor, Bob"]
[Result "1/2-1/2"]
[WhiteElo "1803"]
[BlackElo "2013"]
[PlyCount "100"]
[EventDate "2006.10.15"]

1. e4 e5 2. Nf3 d6 3. d4 Nf6 4. Nc3 Nbd7 5. h3 Be7 6. Be3 O-O 7. Qd2 c6 8. Bd3
b5 9. O-O Bb7 10. dxe5 dxe5 11. Ne2 Qc7 12. Ng3 Rfd8 13. Qe2 a6 14. Rfd1 c5 15.
c4 b4 16. b3 Nb8 17. Bc1 Nc6 18. Bb2 a5 19. Bc2 g6 20. h4 Nd7 21. h5 Nd4 22.
Nxd4 exd4 23. Bc1 Ra6 24. f4 Nf8 25. e5 f6 26. hxg6 hxg6 27. Qg4 fxe5 28. fxe5
Qxe5 29. Bf4 Qg7 30. Bd3 Bd6 31. Bxd6 Rdxd6 32. Ne4 Bxe4 33. Bxe4 d3 34. Bd5+
Ne6 35. Qe4 d2 36. Qd3 Kh7 37. Qh3+ Kg8 38. Qd3 Kf8 39. Rf1+ Ke8 40. Qxd2 g5
41. Rae1 Ke7 42. Rxe6+ Rxe6 43. Bxe6 Rxe6 44. Rd1 Qe5 45. Qd8+ Kf7 46. Rf1+ Kg6
47. Qg8+ Kh6 48. Qf8+ Kh5 49. Qf7+ Kh6 50. Qf8+ Kh5 1/2-1/2

[Event "Guernsey Open"]
[Site "Guernsey GCI"]
[Date "2006.10.17"]
[Round "3"]
[White "Borland, Tom"]
[Black "Beadle, John"]
[Result "1/2-1/2"]
[WhiteElo "2018"]
[BlackElo "1950"]
[PlyCount "36"]
[EventDate "2006.10.15"]

1. d4 Nf6 2. Nf3 g6 3. Bf4 Bg7 4. e3 O-O 5. Nbd2 d5 6. Bd3 Nbd7 7. O-O c5 8. c3
c4 9. Bc2 b5 10. e4 dxe4 11. Nxe4 Bb7 12. Qe2 Nd5 13. Bg3 N7f6 14. Rfe1 Nxe4
15. Bxe4 e6 16. Ne5 f5 17. Bxd5 Bxd5 18. f4 Bh6 1/2-1/2

[Event "Guernsey Open"]
[Site "Guernsey GCI"]
[Date "2006.10.17"]
[Round "3"]
[White "Donoghue, John"]
[Black "Murray, Steve"]
[Result "1-0"]
[WhiteElo "1803"]
[BlackElo "2017"]
[PlyCount "58"]
[EventDate "2006.10.15"]

1. e4 c5 2. Nf3 d6 3. Bb5+ Bd7 4. Bxd7+ Qxd7 5. c4 Nf6 6. Nc3 Nc6 7. d4 cxd4 8.
Nxd4 g6 9. O-O Bg7 10. Nde2 O-O 11. f3 Rac8 12. b3 a6 13. a4 Rfe8 14. Be3 Qc7
15. Qd2 Na5 16. Rab1 Nc6 17. Kh1 Qb8 18. f4 Red8 19. f5 Qc7 20. fxg6 fxg6 21.
Nd5 Nxd5 22. Qxd5+ Kh8 23. Nf4 Rf8 24. Ne6 Rxf1+ 25. Rxf1 Qa5 26. Nxg7 Qxd5 27.
exd5 Kxg7 28. dxc6 Rxc6 29. Bg5 Rc5 1-0

[Event "Guernsey Open"]
[Site "Guernsey GCI"]
[Date "2006.10.18"]
[Round "4"]
[White "Gofshtein, Leonid D"]
[Black "Burrows, Martin"]
[Result "1-0"]
[WhiteElo "2509"]
[BlackElo "2215"]
[PlyCount "55"]
[EventDate "2006.10.15"]

1. d4 Nf6 2. c4 g6 3. Nc3 Bg7 4. e4 d6 5. Nf3 O-O 6. Be2 e5 7. O-O Nc6 8. d5
Ne7 9. b4 Nh5 10. Re1 f5 11. Ng5 Nf6 12. Bf3 c6 13. Bb2 cxd5 14. cxd5 Kh8 15.
Qb3 Bh6 16. Ne6 Bxe6 17. dxe6 Nc6 18. Rad1 Nd4 19. Rxd4 exd4 20. exf5 dxc3 21.
e7 Qd7 22. exf8=Q+ Rxf8 23. Bxc3 Qxf5 24. Qe6 Qxe6 25. Rxe6 Bg7 26. Bxb7 d5 27.
Kf1 Rd8 28. Rxf6 1-0